00814nab a2200229uuc4500001000800000005001700008008004100025035001200066035002100078040001300099041000800112100003000120245008300150650004900233650001400282650001800296700003100314700003600345700003800381700004100419773012400460101548420240202082022.0070212e20061231 spa  a1015484 a(OCoLC)820146930 ccomduadb aspa10aMuriel, Rodrigo4auteaut10aNefrectomia para hematuria intratable de etiologia incierta reporte de un caso aCasos, historias clinicas, estadisticas, etc aHematuria aNefrectomía10aSantos, Hernando4auteaut10aGaviria Gil, Federico4auteaut10aSuescun Tarazona, David4auteaut10aCorrea Ochoa, José Jaime4auteaut0 tRevista Urología Colombiana (Bogotá)gVolumen 15, Número 03, Diciembre 2006, p. 103-106w450266z0120789X0119730